| 000 | 00461nam a2200181Ia 4500 | ||
|---|---|---|---|
| 001 | 18216 | ||
| 005 | 20260306171614.0 | ||
| 008 | 260306s9999||||xx |||||||||||||| ||und|| | ||
| 041 | _aESP | ||
| 082 |
_a658.4013 _bV66 |
||
| 100 |
_aVillagra Villanueva, José Antonio _eAUT |
||
| 245 | 0 |
_aIndicadores de gestión: _bun enfoque práctico |
|
| 260 | _c2016 | ||
| 300 |
_a120 páginas : _c24 cm. |
||
| 650 | _aGEN | ||
| 654 | _aCAN | ||
| 942 |
_cLIB _dJUS _fJUS _2ddc _n |
||
| 999 |
_c18216 _d18216 |
||